Japan and North America (Record no. 10068)

MARC details
000 -LEADER
fixed length control field 00455nam a2200157Ia 4500
020 ## - INTERNATIONAL STANDARD BOOK NUMBER
ISBN 0415275148
082 ## - DEWEY DECIMAL CLASSIFICATION NUMBER
Classification number 327.520970 JAP-
245 #0 - TITLE STATEMENT
Title Japan and North America
260 ## - PUBLICATION, DISTRIBUTION, ETC. (IMPRINT)
Place of publication London
Name of publisher RoutledgeCurzon
Year of publication 2004
500 ## - GENERAL NOTE
General note contents: 2 vols v.2 (postwar), (xi, 507p.)
650 ## - SUBJECT ADDED ENTRY--TOPICAL TERM
Topical Term Japan
Form subdivision Foreign relations
-- North America
650 ## - SUBJECT ADDED ENTRY--TOPICAL TERM
Topical Term North America
Form subdivision Foreign relations
-- Japan
700 ## - ADDED ENTRY--PERSONAL NAME
Personal name Krauss, Eills
700 ## - ADDED ENTRY--PERSONAL NAME
Personal name Nyblade, Benjamin
942 ## - ADDED ENTRY ELEMENTS (KOHA)
Koha item type Books
Holdings
Withdrawn status Lost status Damaged status Not for loan Collection code Home library Current library Date acquired Serial Enumeration / chronology Bill Date Full call number Accession Number Price effective from Koha item type
        Docas Books NASSDOC Library NASSDOC Library 26/08/2016 V.1 2004-10-22 327.520970 JAP- D002458 18/04/2019 Books
        Docas Books NASSDOC Library NASSDOC Library 26/08/2016 V.2 2004-10-22 327.520970 JAP- D002459 18/04/2019 Books